LEADER 01369nam 2200349Ka 450 001 9910696855703321 005 20080724112242.0 035 $a(CKB)5470000002382324 035 $a(OCoLC)213410319 035 $a(EXLCZ)995470000002382324 100 $a20080317d2001 ua 0 101 0 $aeng 181 $ctxt$2rdacontent 182 $cc$2rdamedia 183 $acr$2rdacarrier 200 00$aSummary measures of population health $eaddressing the first goal of healthy people 2010, improving health expectancy$b[electronic resource] /$fDiane K. Wagener ... [and others] 210 1$aHyattsville, MD :$cU.S. Dept of Health and Human Services, Centers for Disease Control and Prevention, National Center for Health Statistics,$d[2001] 215 $a13 pages $cdigital, PDF file 225 1 $aHealthy people 2010 statistical notes ;$vno. 22 300 $aTitle from title screen (viewed Mar. 13, 2008). 517 $aSummary measures of population health 606 $aLife expectancy$zUnited States$vTables 607 $aUnited States$vStatistics, Medical 615 0$aLife expectancy 701 $aWagener$b Diane K$01389521 712 02$aNational Center for Health Statistics (U.S.) 801 0$bGPO 801 1$bGPO 906 $aBOOK 912 $a9910696855703321 996 $aSummary measures of population health$93469553 997 $aUNINA LEADER 01307cam2 22003011 450 001 SOBE00021929 005 20260108134315.0 100 $a20120126d1991 |||||ita|0103 ba 101 $aita 102 $aIT 200 1 $a<>Canone di Avicenna fra Europa e Oriente nel primo Cinquecento : l'Interpretatio Arabicorum nominum di Andrea Alpago / a cura di Giorgio Vercellin 210 $aTorino$cUTET$d1991 215 $a142 p.$cill.$d25 cm 461 1$1001SOBE00083128$12000 $aStrenna Utet 700 1$aAlpago$b, Andrea$3SOBA00002565$4070$0774538 702 1$aVercellin, Giorgio$3AF00011175$4070 702 0$aAvicenna$3AF00005997$4070 801 0$aIT$bUNISOB$c20260108$gRICA 850 $aUNISOB 852 $aUNISOB$j000|Coll|54|K$m75218 852 $aUNISOB$jFondo|Calì$m184496 912 $aSOBE00021929 940 $aM 102 Monografia moderna SBN 941 $aM 957 $a000|Coll|54|K$b000028$gSI$d75218$racquisto$tN$1vittorini$2UNISOB$3UNISOB$420120126161456.0$520120326092803.0$6vittorini 957 $aFondo|Calì$b002075$gSI$d184496$n20260623$hCali$rDono$tN$1rovito$2UNISOB$3UNISOB$420260108134143.0$520260108134315.0$6rovito 996 $aCanone di Avicenna fra Europa e Oriente nel primo Cinquecento : l'Interpretatio Arabicorum nominum di Andrea Alpago$91719309 997 $aUNISOB